[Event "Catalunya-chT Gp1"]
[Site "Barcelona"]
[Date "2018.03.03"]
[Round "7.5"]
[White "Vives Esmerat, Jaume"]
[Black "Martinez Pla, Xavier"]
[Result "0-1"]
[WhiteElo "2300"]
[BlackElo "2316"]
[PlyCount "90"]
[EventDate "2018.01.20"]
[EventType "team-tourn"]
[EventRounds "7"]
[EventCountry "ESP"]
[SourceTitle "EXT 2019"]
[Source "ChessBase"]
[SourceDate "2018.10.10"]
[SourceVersion "1"]
[SourceVersionDate "2018.10.10"]
[SourceQuality "1"]
[WhiteTeam "Figueres"]
[BlackTeam "Tres Peons"]
[WhiteTeamCountry "ESP"]
[BlackTeamCountry "ESP"]

1. e4 c5 2. b3 g6 3. Bb2 Nf6 4. f4 Bg7 5. Nf3 0-0 6. d3 Nc6 7. c4 d6 8. Be2 a6 9. 0-0 b5 10. Qc1 Qb6 11. Nc3 Nd4 12. Bd1 Bb7 13. Ne2 Nd7 14. Ng3 bxc4 15. dxc4 a5 16. Rb1 Rab8 17. a4 Bc6 18. Ne2 h5 19. Kh1 h4 20. Nd2 h3 21. gxh3 f5 22. Bxd4 cxd4 23. Ng3 Nc5 24. Bf3 Nd3 25. Qd1 Nxf4 26. exf5 gxf5 27. Bxc6 Qxc6+ 28. Qf3 Qxf3+ 29. Nxf3 Nxh3 30. Nh5 e5 31. Kg2 Nf4+ 32. Nxf4 exf4 33. Rfd1 d5 34. cxd5 Rb4 35. Ne1 Rb6 36. Nd3 Rd8 37. Kf3 Rxd5 38. Rg1 Kf7 39. Rgc1 Rb7 40. b4 axb4 41. Nxb4 Ra5 42. Nd3 Re7 43. Re1 Re3+ 44. Rxe3 fxe3 45. Rb4 Ke6 0-1

[Event "Catalunya-chT Gp1"]
[Site "Barcelona"]
[Date "2015.01.24"]
[Round "1.3"]
[White "Canal Oliveras, Joan"]
[Black "Vives Esmerat, Jaume"]
[Result "0-1"]
[WhiteElo "2232"]
[BlackElo "2316"]
[PlyCount "102"]
[EventDate "2015.01.24"]
[EventType "team-tourn"]
[EventRounds "7"]
[EventCountry "ESP"]
[SourceTitle "CBM 164 Extra"]
[Source "ChessBase"]
[SourceDate "2015.03.02"]
[SourceVersion "1"]
[SourceVersionDate "2015.03.02"]
[SourceQuality "1"]
[WhiteTeam "Catalunya"]
[BlackTeam "Figueres"]
[WhiteTeamCountry "ESP"]
[BlackTeamCountry "ESP"]

1. e4 e5 2. f4 Nf6 3. fxe5 Nxe4 4. Nf3 Ng5 5. d4 Nxf3+ 6. Qxf3 Qh4+ 7. Qf2 Qxf2+ 8. Kxf2 Nc6 9. Be3 d6 10. exd6 Bxd6 11. Nd2 Nb4 12. Bb5+ c6 13. Ba4 Bf5 14. Rac1 0-0-0 15. Bb3 Bc7 16. Nf3 f6 17. Bd2 Nd5 18. g3 Bb6 19. Rhe1 Nc7 20. Be3 Rhe8 21. c4 Rd7 22. Bc2 Be4 23. Bxe4 Rxe4 24. Kg2 Ba5 25. Re2 Rde7 26. Kf2 Ne8 27. Rcc2 Nd6 28. b3 g5 29. Bc1 Nf5 30. Rxe4 Rxe4 31. h3 h5 32. Bd2 Bc7 33. d5 Bxg3+ 34. Kf1 g4 35. hxg4 hxg4 36. Ng1 Nd4 37. Rc3 Be5 38. dxc6 bxc6 39. Rd3 f5 40. Be3 f4 41. Bxd4 Rxd4 42. Rxd4 Bxd4 43. Ne2 Be5 44. Nc1 Kd7 45. Nd3 Ke6 46. b4 Kf5 47. b5 cxb5 48. cxb5 Bd4 49. a4 f3 50. a5 g3 51. Ne1 Ke4 0-1

[Event "Catalunya-chT"]
[Site "Catalunya"]
[Date "2014.03.29"]
[Round "10.3"]
[White "Subirats Ruiz, Sergi"]
[Black "Vives Esmerat, Jaume"]
[Result "0-1"]
[WhiteElo "2184"]
[BlackElo "2316"]
[PlyCount "124"]
[EventDate "2014.01.25"]
[EventType "team"]
[EventRounds "11"]
[EventCountry "ESP"]
[SourceTitle "EXT 2015"]
[Source "ChessBase"]
[SourceDate "2014.11.20"]
[SourceVersion "1"]
[SourceVersionDate "2014.11.20"]
[SourceQuality "1"]
[WhiteTeam "Sant Andreu"]
[BlackTeam "Figueres"]
[WhiteTeamCountry "ESP"]
[BlackTeamCountry "ESP"]

1. e4 e5 2. Nf3 Nc6 3. Bc4 Nf6 4. d3 Be7 5. 0-0 0-0 6. Re1 d6 7. c3 h6 8. Nbd2 Nh7 9. d4 Ng5 10. d5 Nb8 11. Nf1 Bg4 12. Bxg5 Bxg5 13. h3 Bd7 14. Ng3 g6 15. Qc2 Kg7 16. b4 a5 17. a4 b6 18. b5 Bc8 19. Re2 Nd7 20. Ne1 h5 21. Nd3 h4 22. Nf1 Nf6 23. f4 exf4 24. e5 dxe5 25. Nxe5 Bf5 26. Qd1 Nh5 27. Nh2 Qd6 28. Nhf3 Bf6 29. Bd3 Ng3 30. Re1 Rae8 31. Bxf5 Nxf5 32. Ng4 Rxe1+ 33. Qxe1 Qc5+ 34. Qf2 Qxc3 35. Re1 Rd8 36. Nxf6 Qxf6 37. Re5 Ne3 38. Qa2 Qd6 39. Qa1 f6 40. Re6 Qxe6 41. dxe6 Rd1+ 42. Qxd1 Nxd1 43. Nxh4 g5 44. Nf5+ Kf8 45. h4 gxh4 46. Nxh4 Ke7 47. Ng6+ Kxe6 48. Nxf4+ Ke5 49. Ng6+ Kd6 50. Nf4 Nc3 51. Nh5 Ke5 52. Ng7 Nxa4 53. Ne8 Nc3 54. Nxc7 a4 55. Na6 a3 56. Nb4 a2 57. Nc2 Nxb5 58. Kf2 Nd4 59. Na1 b5 60. Ke3 b4 61. Kd3 b3 62. Kc3 Kf4 0-1

[Event "Catalunya-chT"]
[Site "Catalunya"]
[Date "2014.03.15"]
[Round "8.2"]
[White "Fluvia Poyatos, Jordi"]
[Black "Vives Esmerat, Jaume"]
[Result "1-0"]
[WhiteElo "2450"]
[BlackElo "2316"]
[PlyCount "67"]
[EventDate "2014.01.25"]
[EventType "team"]
[EventRounds "11"]
[EventCountry "ESP"]
[SourceTitle "EXT 2015"]
[Source "ChessBase"]
[SourceDate "2014.11.20"]
[SourceVersion "1"]
[SourceVersionDate "2014.11.20"]
[SourceQuality "1"]
[WhiteTeam "Badalona Sant Josep"]
[BlackTeam "Figueres"]
[WhiteTeamCountry "ESP"]
[BlackTeamCountry "ESP"]

1. d4 g6 2. c4 Bg7 3. Nc3 d6 4. e4 Nc6 5. Nge2 e5 6. d5 Nce7 7. Ng3 f5 8. exf5 Nxf5 9. Bd3 Nf6 10. Bg5 h6 11. Bd2 0-0 12. 0-0 Bd7 13. Qc1 Kh7 14. Qc2 Ng8 15. Nxf5 Bxf5 16. f3 Bxd3 17. Qxd3 Ne7 18. g4 Ng8 19. Kg2 Rf7 20. Ne4 Qe7 21. h4 Kh8 22. Ng3 Raf8 23. Qxg6 Qxh4 24. Ne4 Ne7 25. Qe6 Ng8 26. Bg5 hxg5 27. Rh1 Rxf3 28. Rxh4+ gxh4 29. Rh1 h3+ 30. Rxh3+ Rxh3 31. Kxh3 Nh6 32. g5 Nf5 33. Nf6 Bxf6 34. Qxf5 1-0

[Event "Catalunya-chT Honor"]
[Site "Catalunya"]
[Date "2013.02.23"]
[Round "6.4"]
[White "Ayas Fernandez, Antonio"]
[Black "Vives Esmerat, Jaume"]
[Result "1/2-1/2"]
[WhiteElo "2278"]
[BlackElo "2313"]
[PlyCount "100"]
[EventDate "2013.01.19"]
[EventType "team-tourn"]
[EventRounds "11"]
[EventCountry "ESP"]
[SourceTitle "EXT 2014"]
[Source "ChessBase"]
[SourceDate "2013.11.20"]
[SourceVersion "1"]
[SourceVersionDate "2013.11.20"]
[SourceQuality "1"]
[WhiteTeam "Sitges"]
[BlackTeam "Figueres"]
[WhiteTeamCountry "ESP"]
[BlackTeamCountry "ESP"]

1. e4 e5 2. Nf3 Nc6 3. c3 Nf6 4. d4 Nxe4 5. Bd3 d5 6. Nxe5 Nxe5 7. dxe5 Bc5 8. Bxe4 dxe4 9. Qxd8+ Kxd8 10. Bf4 Ke7 11. Nd2 Bf5 12. 0-0 Rad8 13. Nb3 Bb6 14. Bg5+ f6 15. exf6+ gxf6 16. Be3 Rd3 17. Rae1 Kf7 18. Nd4 Bg6 19. Nc2 Rhd8 20. Nb4 R3d7 21. Bxb6 axb6 22. c4 Rd2 23. b3 c6 24. Rc1 e3 25. fxe3 Be4 26. Rf2 Rxf2 27. Kxf2 Rd2+ 28. Kg3 Rxg2+ 29. Kf4 Bg6 30. h3 Rf2+ 31. Kg3 Rd2 32. Kf4 Ke6 33. Rc3 Rd1 34. e4 Rf1+ 35. Rf3 Rxf3+ 36. Kxf3 Ke5 37. Nd3+ Kd4 38. Nf2 Kc3 39. Kf4 Kb2 40. Ng4 Kxa2 41. Nxf6 Kxb3 42. e5 Kxc4 43. e6 b5 44. h4 b4 45. h5 Bxh5 46. Nxh5 b3 47. e7 b2 48. e8Q b1Q 49. Qf7+ Kc5 50. Nf6 Qc1+ 1/2-1/2

[Event "Catalunya-chT"]
[Site "Catalunya"]
[Date "2012.03.17"]
[Round "8.4"]
[White "Hernando Rodrigo, Julio Antonio"]
[Black "Vives Esmerat, Jaume"]
[Result "1-0"]
[WhiteElo "2323"]
[BlackElo "2302"]
[PlyCount "57"]
[EventDate "2012.01.28"]
[EventType "team-tourn"]
[EventRounds "11"]
[EventCountry "ESP"]
[SourceTitle "EXT 2013"]
[Source "ChessBase"]
[SourceDate "2012.11.22"]
[SourceVersion "1"]
[SourceVersionDate "2012.11.22"]
[SourceQuality "1"]
[WhiteTeam "Cerdanyola Valles"]
[BlackTeam "Figueres"]
[WhiteTeamCountry "ESP"]
[BlackTeamCountry "ESP"]

1. d4 g6 2. g3 Bg7 3. Bg2 d6 4. Nf3 Nc6 5. 0-0 e5 6. dxe5 dxe5 7. Qxd8+ Nxd8 8. Nc3 h6 9. Ne1 Ne7 10. f4 exf4 11. Bxf4 Ne6 12. Nb5 c6 13. Nd6+ Kf8 14. Bxh6 f5 15. Bxg7+ Kxg7 16. e4 Ng5 17. h4 Nf7 18. Nxf7 Kxf7 19. exf5 gxf5 20. Nf3 Ng6 21. Ng5+ Kg7 22. Bh3 Kf6 23. Ne4+ Ke5 24. Nc5 Ne7 25. Rad1 Nd5 26. c4 Nc7 27. Nd7+ Ke6 28. Rfe1+ Kf7 29. Rd6 1-0

[Event "Catalunya-chT"]
[Site "Catalunya"]
[Date "2012.02.25"]
[Round "5.5"]
[White "Alias Ginel, Oscar"]
[Black "Vives Esmerat, Jaume"]
[Result "0-1"]
[WhiteElo "2193"]
[BlackElo "2302"]
[PlyCount "86"]
[EventDate "2012.01.28"]
[EventType "team-tourn"]
[EventRounds "11"]
[EventCountry "ESP"]
[SourceTitle "EXT 2013"]
[Source "ChessBase"]
[SourceDate "2012.11.22"]
[SourceVersion "1"]
[SourceVersionDate "2012.11.22"]
[SourceQuality "1"]
[WhiteTeam "Tarragona"]
[BlackTeam "Figueres"]
[WhiteTeamCountry "ESP"]
[BlackTeamCountry "ESP"]

1. Nc3 g6 2. e4 Bg7 3. d4 d6 4. f4 Nc6 5. d5 Nd4 6. Be3 c5 7. dxc6 Nxc6 8. Nf3 Nf6 9. h3 0-0 10. Qd2 Bd7 11. g4 Qa5 12. f5 Rac8 13. Bd3 Nb4 14. Bh6 Bxh6 15. Qxh6 Nxc2+ 16. Bxc2 Rxc3 17. Qd2 Re3+ 18. Kd1 Qxd2+ 19. Nxd2 Bc6 20. Nc4 Bxe4 21. Nxe3 Bxh1 22. Kd2 Bc6 23. Re1 d5 24. Kd3 e5 25. fxe6 fxe6 26. Kd4 Nd7 27. Bb3 Rf4+ 28. Kd3 Nc5+ 29. Kc2 d4 30. Nc4 Rf2+ 31. Nd2 Kf7 32. Bc4 Ne4 33. Rf1 Rxf1 34. Nxf1 Nf2 35. Ng3 Kf6 36. g5+ Kxg5 37. Bxe6 Kh4 38. Nf1 Nxh3 39. Nd2 Nf4 40. Bc4 g5 41. b4 a6 42. Kb3 g4 43. a4 b5 0-1

[Event "Catalunya-chT"]
[Site "Catalunya"]
[Date "2012.02.18"]
[Round "4.4"]
[White "Sanchez Ibern, Marc"]
[Black "Vives Esmerat, Jaume"]
[Result "1/2-1/2"]
[WhiteElo "2368"]
[BlackElo "2302"]
[PlyCount "125"]
[EventDate "2012.01.28"]
[EventType "team-tourn"]
[EventRounds "11"]
[EventCountry "ESP"]
[SourceTitle "EXT 2013"]
[Source "ChessBase"]
[SourceDate "2012.11.22"]
[SourceVersion "1"]
[SourceVersionDate "2012.11.22"]
[SourceQuality "1"]
[WhiteTeam "Foment Martinenc"]
[BlackTeam "Figueres"]
[WhiteTeamCountry "ESP"]
[BlackTeamCountry "ESP"]

1. e4 e5 2. Nf3 Nc6 3. d4 exd4 4. Bc4 Nf6 5. Ng5 Ne5 6. Qxd4 Nxc4 7. Qxc4 d5 8. exd5 Qxd5 9. Qe2+ Be7 10. 0-0 Bg4 11. f3 Bf5 12. Nc3 Qc6 13. Bf4 h6 14. Rfe1 Ng8 15. Nge4 Bxe4 16. Qxe4 Qxe4 17. Rxe4 0-0-0 18. Nb5 Bc5+ 19. Kf1 c6 20. Rc4 Rd5 21. Nc3 Rd4 22. Rxc5 Rxf4 23. Ne4 Nf6 24. Nd6+ Kc7 25. Nxf7 Rf8 26. Ne5 Re8 27. Nd3 Rh4 28. Kf2 Nd5 29. Ra5 Kb6 30. Ra3 Rxh2 31. c4 Ne3 32. Nf4 Nf5 33. Nh3 Nh4 34. Rb3+ Kc7 35. Kg3 Rxg2+ 36. Kxh4 g5+ 37. Kh5 Rh2 38. f4 gxf4 39. Kg4 Ree2 40. Nxf4 Rxb2 41. Re1 Rxb3 42. axb3 Rb2 43. Re3 a5 44. c5 a4 45. bxa4 Rb4 46. Ra3 b6 47. Kf5 bxc5 48. Ne6+ Kb6 49. a5+ Ka7 50. Ke5 c4 51. Nc5 Rb5 52. Kd6 c3 53. a6 c2 54. Rc3 Rb2 55. Ke5 Ra2 56. Kd4 h5 57. Kc4 h4 58. Kb3 h3 59. Kxa2 h2 60. Rxc2 h1Q 61. Kb2 Qd5 62. Kb1 Qd4 63. Ka2 1/2-1/2

[Event "Catalunya-chT"]
[Site "Catalunya"]
[Date "2012.02.04"]
[Round "2.5"]
[White "Vives Esmerat, Jaume"]
[Black "Ubach Miralda, Marcelo"]
[Result "1/2-1/2"]
[WhiteElo "2302"]
[BlackElo "2272"]
[PlyCount "71"]
[EventDate "2012.01.28"]
[EventType "team-tourn"]
[EventRounds "11"]
[EventCountry "ESP"]
[SourceTitle "EXT 2013"]
[Source "ChessBase"]
[SourceDate "2012.11.22"]
[SourceVersion "1"]
[SourceVersionDate "2012.11.22"]
[SourceQuality "1"]
[WhiteTeam "Figueres"]
[BlackTeam "Terrassa"]
[WhiteTeamCountry "ESP"]
[BlackTeamCountry "ESP"]

1. e4 c6 2. d4 d5 3. e5 Bf5 4. Nf3 e6 5. Be2 Nd7 6. 0-0 Ne7 7. Re1 c5 8. c4 dxc4 9. Bxc4 Nc6 10. Nc3 cxd4 11. Nxd4 Nxd4 12. Qxd4 Bc5 13. Qf4 0-0 14. Rd1 Qc7 15. g4 Bc2 16. Nb5 Qc6 17. Nd4 Bxd4 18. Rxd4 Rad8 19. Bf1 Nb6 20. Bg2 Qb5 21. b3 Nd5 22. Qd2 Bg6 23. Ba3 Rfe8 24. Bd6 Rc8 25. Rc1 h6 26. Rdc4 Rc6 27. Rc5 Qa6 28. a4 Rec8 29. Bf1 Qb6 30. Rxc6 Rxc6 31. Rxc6 Qxc6 32. Bg2 Qc2 33. Qxc2 Bxc2 34. Bxd5 exd5 35. a5 Bxb3 36. Bc5 1/2-1/2

[Event "Catalunya-chT"]
[Site "Spain"]
[Date "2003.??.??"]
[Round "8"]
[White "Martin Gonzalez, Angel"]
[Black "Vives Esmerat, Jaume"]
[Result "0-1"]
[WhiteElo "2411"]
[BlackElo "2289"]
[PlyCount "92"]
[EventDate "2003.??.??"]
[EventType "team"]
[EventRounds "9"]
[EventCountry "ESP"]
[SourceTitle "EXT 2007"]
[Source "ChessBase"]
[SourceDate "2006.11.23"]
[SourceVersion "1"]
[SourceVersionDate "2006.11.23"]
[SourceQuality "1"]

1. e4 e5 2. Nf3 Nc6 3. Bb5 Bc5 4. c3 Nf6 5. d3 0-0 6. Bg5 d6 7. Nbd2 h6 8. Bh4 g5 9. Nxg5 hxg5 10. Bxg5 Kg7 11. Qf3 Rh8 12. g4 Kg6 13. h4 Bxg4 14. Qg3 Rg8 15. f4 Kh7 16. b4 Bb6 17. Rf1 Bh5 18. Nc4 Nd7 19. fxe5 Ndxe5 20. Nxb6 axb6 21. Qf4 Qc8 22. d4 Qh3 23. dxe5 Qxc3+ 24. Kf2 Nxe5 25. Be2 Qc2 26. Qd2 Qxd2 27. Bxd2 Bxe2 28. Kxe2 Rg2+ 29. Rf2 Rxf2+ 30. Kxf2 Ra3 31. b5 Kg6 32. Ke2 Kh5 33. Bg5 Ra4 34. Bd8 Rxe4+ 35. Kd2 Rd4+ 36. Kc3 Rc4+ 37. Kb3 Rc5 38. a4 f5 39. Rg1 Nf3 40. Rg8 f4 41. Rh8+ Kg4 42. Rg8+ Kh3 43. h5 Nd4+ 44. Kb4 Ne6 45. h6 Rh5 46. Rh8 f3 0-1

[Event "Catalunya-chT"]
[Site "Spain"]
[Date "2003.??.??"]
[Round "6"]
[White "Romero Ruscalleda, Josep"]
[Black "Vives Esmerat, Jaume"]
[Result "1-0"]
[WhiteElo "2311"]
[BlackElo "2289"]
[PlyCount "63"]
[EventDate "2003.??.??"]
[EventType "team"]
[EventRounds "9"]
[EventCountry "ESP"]
[SourceTitle "EXT 2007"]
[Source "ChessBase"]
[SourceDate "2006.11.23"]
[SourceVersion "1"]
[SourceVersionDate "2006.11.23"]
[SourceQuality "1"]

1. e4 e5 2. Nf3 d6 3. d4 Nf6 4. dxe5 Nxe4 5. Qd5 Nc5 6. Bg5 Be7 7. exd6 Qxd6 8. Nc3 Ne6 9. Be3 Qxd5 10. Nxd5 Bd6 11. 0-0-0 0-0 12. Nd2 Rd8 13. Ne4 Bf8 14. Be2 Na6 15. Rhe1 b6 16. Ng5 c6 17. Nxe6 Bxe6 18. Nf4 Rxd1+ 19. Rxd1 Bc8 20. Rd8 Nc7 21. Bf3 Bb7 22. Rd7 Rc8 23. Nd3 Ba8 24. c4 b5 25. b3 a5 26. Ne5 bxc4 27. bxc4 f6 28. Nxc6 Ne6 29. Bd5 Rxc6 30. Ra7 Rd6 31. Rxa8 Kf7 32. Rxa5 1-0

[Event "Catalunya-chT"]
[Site "Spain"]
[Date "1999.??.??"]
[Round "3"]
[White "Jerez Perez, Alfonso"]
[Black "Vives Esmerat, Jaume"]
[Result "1-0"]
[WhiteElo "2405"]
[BlackElo "2330"]
[PlyCount "73"]
[EventDate "1999.??.??"]
[EventType "team"]
[EventRounds "9"]
[EventCountry "ESP"]
[SourceTitle "EXT 2000"]
[Source "ChessBase"]
[SourceDate "1999.11.16"]
[SourceVersion "1"]
[SourceVersionDate "1999.11.16"]
[SourceQuality "1"]

1. Nf3 Nf6 2. g3 b6 3. Bg2 Bb7 4. 0-0 c5 5. c4 e6 6. Nc3 Be7 7. b3 0-0 8. Bb2 d5 9. cxd5 exd5 10. d4 Nbd7 11. Rc1 Re8 12. Qc2 Bf8 13. Rfd1 Rc8 14. e3 Ne4 15. dxc5 Nxc3 16. Bxc3 Nxc5 17. Qb1 Ne4 18. Bb2 Bc5 19. Nd4 Qg5 20. Qd3 h5 21. Rc2 Bxd4 22. Bxd4 Rxc2 23. Qxc2 Rc8 24. Qd3 h4 25. Bb2 Qf5 26. f3 hxg3 27. fxe4 Qf2+ 28. Kh1 Qxb2 29. exd5 Rc2 30. Qe4 g6 31. hxg3 Qxa2 32. Qe8+ Kg7 33. Qe5+ Kh7 34. Rd4 Qa1+ 35. Kh2 Kg8 36. Qb8+ Kg7 37. Qxb7 1-0